00267nam a2200109Ia 4500008004100000082001800041100001700059245004000076250000800116260002500124300000800149191201s2013 xx 000 0 und d a004.0151bRAC aRAJARAMAN, V 0aComputer Oriented Numerical Methods aRep c2013bPHIaNEW DELHI a196